Top 10 NBA Players Of All Time - Statistics

General Stats
  • This quiz has been taken 3,200 times
  • The average score is 8 of 10
Answer Stats
Rank Player % Correct
1 Michael Jordan
99%
3 Kareem Abdul-Jabbar
89%
9 Kobe Bryant
87%
2 Magic Johnson
82%
6 Wilt Chamberlain
80%
4 Larry Bird
78%
8 Shaquille O'Neal
78%
5 Bill Russell
72%
7 Hakeem Olajuwon
58%
10 Karl Malone
43%
No matching quizzes found
Score Distribution
Percent of People with Each Score
Percentile by Number Answered
Your Score History
You have not taken this quiz